Raças de Cães - Statistics

Estatísticas Gerais
  • Esse quiz foi jogado 780 vezes
  • A pontuação média é 16 de 55
Estatísticas das Respostas
Imagem Resposta % Correto
Pastor Alemão
99%
Labrador
86%
Pug
74%
Rottweiler
73%
Beagle
71%
Husky
71%
Poodle
70%
Golden retriever
53%
Dobermann
48%
Bulldog Inglês
46%
Yorkshire
46%
Chow-chow
45%
Chihuahua
44%
Pit bull
44%
Boxer
42%
São Bernardo
42%
Bull Terrier
39%
Lulu da Pomerânea
38%
Border Collie
36%
Bulldog Francês
36%
Dachshund
34%
Maltês
31%
Cocker Spaniel
26%
Pinscher
26%
Pequinês
24%
Shih-tzu
23%
Dogue Alemão
22%
Galgo Inglês
22%
Lhasa Apso
22%
Pastor Belga Malinois
22%
Akita Inu
21%
American Bully
19%
Basset Hound
19%
Boiadeiro de Berna
19%
Dogo Argentino
17%
Shar Pei
17%
Bichon Frisé
16%
Cavalier King Charles Spaniel
14%
Pastor Australiano
13%
Pastor de Shetland
13%
Terra Nova
12%
Welsh Corgi Pembroke
12%
Galgo Afegã
10%
Jack Russell Terrier
10%
Airedale Terrier
9%
Mastim Inglês
9%
Cão de Água Português
6%
Saluki
6%
Welsh Corgi Cardigan
6%
Komondor
5%
Pointer Inglês
5%
American Staffordshire Terrier
4%
Basenji
4%
Pastor Inglês
4%
Staffordshire Bull Terrier
4%
Nenhum quiz correspondente encontrado
Distribuição das Pontuações
Porcentagem de Pessoas com Cada Pontuação
Percentil de Números Respondidos
Sua Pontuação Histórica
Você não jogou esse quiz